Bagaces: producción agropecuaria, rama de actividad, empleo, ingresos, migración estacional, inmigración

Na minha lista:
Detalhes bibliográficos
Autor Corporativo: Instituto de Fomento y Asesoría Municipal (Costa Rica)
Formato: Texto
Publicado em: San José: El Instituto
Tags: Adicionar Tag
Sem tags, seja o primeiro a adicionar uma tag!

MARC

LEADER 00000 a a2200000 04500
001 16558
003
040
090 |a EXTRAVIADO  
110 |a Instituto de Fomento y Asesoría Municipal (Costa Rica)  
245 |a Bagaces: producción agropecuaria, rama de actividad, empleo, ingresos, migración estacional, inmigración  
260 |a San José:   |b El Instituto  
300 |a 13 p.  
999 |c 14259  |d 14259